| 000 | 00809nas a2200277 4500 | ||
|---|---|---|---|
| 001 | BR0100080 | ||
| 003 | BR-BrBNA | ||
| 005 | 20231205102010.0 | ||
| 007 | ta | ||
| 008 | 230509b bl.|||p| |||| 00| 00por d | ||
| 040 |
_aBR-BrBNA _bpor _cBiblioteca Nacional de Agricultura |
||
| 041 | _a(Pt) | ||
| 072 | _aJ11 | ||
| 100 | 1 | _aGoncalves, E.D. | |
| 100 | 1 | _aAntunes, P.L. | |
| 100 | 1 | _aBrackmann, A. | |
| 245 | 1 | _aArmazenamento da pera "Nijisseiki", em atmosfera controlada | |
| 650 | _aPera | ||
| 650 | _aArmazenamento de Alimento | ||
| 650 | _aRefrigeracao | ||
| 650 | _aAtmosfera | ||
| 650 | _aQualidade | ||
| 773 | 0 |
_tRevista Brasileira de Fruticultura (Brazil) _xISSN 0100-2945 _g(Aug 2000), v. 22(2) p. 226-231 _wBR0100080 |
|
| 909 |
_a202311 _bLúcia _c55 _dLúcia Elande |
||
| 942 |
_2AGRIS _n0 _cANA |
||
| 999 |
_c165174 _d165174 |
||